[Event "CAN-ch U08"]
[Site "Ottawa"]
[Date "2007.07.04"]
[Round "3"]
[White "Awatramani, Janak"]
[Black "Chamoun, Emile"]
[Result "1-0"]
[WhiteElo "1352"]
[BlackElo "1236"]
[PlyCount "51"]
[EventDate "2007.07.03"]
[EventType "swiss"]
[EventRounds "7"]
[EventCountry "CAN"]
[SourceTitle "EXT 2022"]
[Source "ChessBase"]
[SourceDate "2021.10.06"]
[SourceVersion "1"]
[SourceVersionDate "2021.10.06"]
[SourceQuality "1"]

1. g3 d5 2. Bg2 e6 3. d3 c5 4. a3 Nc6 5. e4 Nf6 6. Nc3 Be7 7. f4 dxe4 8. Nxe4 Nxe4 9. Bxe4 0-0 10. Ne2 a6 11. Bd2 Qb6 12. Bc3 Nd4 13. Nxd4 cxd4 14. Bb4 Qc7 15. Bxe7 Qxe7 16. Qh5 h6 17. 0-0-0 Rb8 18. Rdg1 b5 19. g4 b4 20. a4 b3 21. g5 Qc5 22. Rg2 Bb7 23. gxh6 Rfc8 24. Rxg7+ Kh8 25. Rh7+ Kg8 26. Qxf7# 1-0